Statistics for Most Isolated Capital Cities by Initial Letter

Click here to take the quiz!

General Stats

  • This quiz has been taken 42 times
  • The average score is 15 of 27

Answer Stats

Answer% Correct
Funafuti
81%
Wellington
77%
Pyongyang
71%
Ottawa
71%
Dili
71%
Apia
68%
Suva
68%
Ulaan Baatar
68%
Canberra
65%
Islamabad
65%
Jakarta
65%
Yaren
61%
Quito
61%
Zagreb
58%
Nuku'alofa
55%
Vientiane
55%
Havana
55%
Freetown
55%
Lima
52%
Beijing
45%
Victoria
45%
Gaborone
39%
Montevideo
35%
Phnom Penh
32%
Roseau
32%
Tegucigalpa
32%
Kuala Lumpur
32%

Score Distribution

Percentile by Number Answered

Percent of People with Each Score

Your Score History

You have not taken this quiz